000 00236nam a2200097Ia 4500
001 1003112
005 20250826230443.0
008 250824s9999 xx 000 0 und d
245 0 _aBİLİM KURGU
_cSİMA ÖZKAN
260 _bBETA YAYINLARI
999 _c1003112
_d1003112